| 000 | 00820nam a2200205Ia 4500 | ||
|---|---|---|---|
| 001 | 11455 | ||
| 003 | GE_BSU | ||
| 008 | 181216s||||||||xx |||||||||||||| ||und|| | ||
| 040 | _cGE_BSU | ||
| 080 | _a633.72(479.22)(09) | ||
| 100 | _aქარჩავა,გ. | ||
| 245 | _aჩაის კულტურის ისტორიისათვის საქართველში | ||
| 245 | _cრედ:ეთერი ტრიპოლსკაია; მხატვ:ანზორ ებრალიძე. | ||
| 260 | _aთბილისი | ||
| 260 | _bსაბჭოთა საქართველო | ||
| 260 | _c1970 | ||
| 300 | _a129გვ;20სმ. | ||
| 653 | _aჩაის კულტურის ისტორიისათვის საქართველში | ||
| 942 | _cBK | ||
| 999 |
_c44652 _d44652 |
||